000
00285nam a22001217a 4500
008
181204b xxu||||| |||| 00| 0 eng d
041
_a
eng
080
_a
330.722
100
_a
61
101
_a
KON
245
_a
Canadian Advanced Financial Accoting
_c
Beechy.TH.H
942
_2
udc
_c
BK
999
_c
52803
_d
52803